书目信息 |
| 题名: |
丰臣家的人们
|
|
| 作者: | 司马辽太郎 著 ;陈生保 , 张青平 译 | |
| 分册: | ||
| 出版信息: | 北京 外国文学出版社 1983 |
|
| 页数: | 466页 | |
| 开本: | 19cm | |
| 丛书名: | ||
| 单 册: | ||
| 中图分类: | I313.45 , I313.4 | |
| 科图分类: | ||
| 主题词: | 长篇小说--日本--现代 , 文学 | |
| 电子资源: | ||
| ISBN: | ||
| 000 | 00807nam0 2200289 45 | |
| 001 | 0183009918 | |
| 005 | 20040409153954.0 | |
| 010 | @dCNY1.15 | |
| 091 | @a10208.140 | |
| 100 | @a19950726d1983 em y0chiy0121 ea | |
| 101 | 1 | @achi@cjpn |
| 102 | @aCN@b110000 | |
| 105 | @ay z 000ay | |
| 106 | @ar | |
| 200 | 10 | @a丰臣家的人们@Afeng chen jia de ren men@f(日)司马辽太郎著@g陈生保,张青平译 |
| 210 | @a北京@c外国文学出版社@d1983 | |
| 215 | @a466页@d19cm | |
| 606 | @a长篇小说@y日本@z现代 | |
| 606 | 0 | @a文学 |
| 690 | @aI313.45@v3 | |
| 690 | @aI313.4 | |
| 701 | 0 | @a司马辽太郎@Asi ma liao tai lang@4著 |
| 702 | 0 | @a陈生保@Achen sheng bao@4译 |
| 702 | 0 | @a张青平@Azhang qing ping@4译 |
| 801 | 0 | @aCN@b上海图书馆@c20040409 |
| 801 | 2 | @aCN@bNLC@c20040409 |
| 905 | @f4@b115760-763@dI313.4@e59 | |
| 丰臣家的人们/(日)司马辽太郎著/陈生保,张青平译.-北京:外国文学出版社,1983 |
| 466页;19cm |
| ISBN :CNY1.15 |
| ● |
| 相关链接 |
|
|
|
|
正题名:丰臣家的人们
索取号:I313.4/59
 
预约/预借
| 序号 | 登录号 | 条形码 | 馆藏地/架位号 | 状态 | 备注 |
| 1 | 0115760 | 000740407 | 第二借阅区/ [索取号:I313.4/59] | 在馆 | |
| 2 | 0115761 | 000740372 | 第二借阅区/ [索取号:I313.4/59] | 在馆 | |
| 3 | 0115762 | 000740390 | 第二借阅区/ [索取号:I313.4/59] | 在馆 | |
| 4 | 0115763 | 000740363 | 第二借阅区/ [索取号:I313.4/59] | 在馆 | |
| 5 | 0115764 | 000740381 | 第一样本阅览室/ [索取号:I313.4/59] | 在馆 |